00737nam a22002057a 4500003000400000005001700004008004100021020003300062040001800095050002100113130002300134245010100157260004900258300005200307500008300359501001700442630001900459650002600478710002700504OSt20240103165221.0240103b |||||||| |||| 00| 0 eng d a9789966482167 (Maroon vinyl) aDLCcDLCdDLC aBS325b.E48 2012 aBible. Embu. 2012. aÎvuku rîa ûvoro mwaro : bkîkîkanîro kîrîa gîkûrû na kîrîa gîcerû. aNairobi : bBible Society of Kenya, cc2012. ax, 1102, 387 pages billustrations, maps, 22 cm aTitle on title page verso: Holy Bible in Kîembu Kimbeere language [Africana] aIn Kimbeere. aBible. lEmbu. aEmbu languagevTexts. aBible Society of Kenya